Movies Quiz

Random Movies or Role Quiz

Biopic Picture Pairs III Quiz Stats

 Plays Quiz Updated Nov 11, 2013

Support Sporcle.
Go Orange.
Score 0/30 Timer 06:00
2 Plays Today
% Correct
Abraham Lincoln in 'Lincoln'
93.4%
Johnny Cash in 'Walk the Line'
91.2%
Joaquin Phoenix as
81.2%
Tina Turner in 'What's Love Got to Do with It'
80.8%
Sandra Bullock as
78.8%
Daniel Day-Lewis as
74%
Queen Victoria in 'Mrs. Brown'
70.8%
Woody Harrelson as
68.3%
Forest Whitaker as
66%
Judi Dench as
65.8%
Johnny Depp as
64%
Idi Amin in 'The Last King of Scotland'
63.2%
Frida Kahlo in 'Frida'
58.1%
Salma Hayek as
57.3%
David Frost in 'Frost/Nixon'
56.3%
% Correct
Sid Vicious in 'Sid and Nancy'
53.2%
Jack Nicholson as
51.4%
Larry Flynt in 'The People vs. Larry Flynt'
46.3%
Hunter S. Thompson in 'Fear and Loathing ...'
39.5%
Joan Crawford in 'Mommie Dearest'
37.6%
Gary Oldman as
35.1%
Faye Dunaway as
29.3%
Edward R. Murrow in 'Good Night and ...'
28.8%
Angela Bassett as
28.7%
Jimmy Hoffa in 'Hoffa'
28%
Edith Piaf in 'La Vie en Rose'
27%
Michael Sheen as
24.9%
Marion Cotillard as
21%
David Strathairn as
13.7%
Leigh Anne Tuohy in 'The Blind Side'
10.2%

From the Vault

TV Show By Flashback Photo

by sunnyskates8

Everybody loves a good flashback.
Remove Ads.
Support Sporcle.
Get the best of Sporcle when you Go Orange. This ad-free experience offers more features, more stats, and more fun while also helping to support Sporcle. Thank you for becoming a member.

Show Comments

Extras

Top Quizzes Today


Score Distribution

Your Account Isn't Verified!

In order to create a playlist on Sporcle, you need to verify the email address you used during registration. Go to your Sporcle Settings to finish the process.

Report this User

Report this user for behavior that violates our Community Guidelines.

Details: